Introduction to the engineering profession. (Record no. 6820)
[ view plain ]
| 000 -LEADER | |
|---|---|
| fixed length control field | 00626cam a22002172 4500 |
| 001 - CONTROL NUMBER | |
| control field | 0000005046 |
| 005 - DATE AND TIME OF LATEST TRANSACTION | |
| control field | 20151217151951.0 |
| 008 - FIXED-LENGTH DATA ELEMENTS--GENERAL INFORMATION | |
| fixed length control field | 070605s xx 000 0 eng d |
| 020 ## - INTERNATIONAL STANDARD BOOK NUMBER | |
| International Standard Book Number | 067399371X : |
| 040 ## - CATALOGING SOURCE | |
| Original cataloging agency | KABU |
| Transcribing agency | KABU |
| 050 #0 - LIBRARY OF CONGRESS CALL NUMBER | |
| Classification number | TA157 |
| Item number | .B87 1995 |
| 100 1# - MAIN ENTRY--PERSONAL NAME | |
| Personal name | Burghardt, M. David. |
| -- | 0000156108 |
| 245 10 - TITLE STATEMENT | |
| Title | Introduction to the engineering profession. |
| 250 ## - EDITION STATEMENT | |
| Edition statement | 2nd ed. |
| 260 ## - PUBLICATION, DISTRIBUTION, ETC. (IMPRINT) | |
| Place of publication, distribution, etc. | New York : |
| Name of publisher, distributor, etc. | Harper-Collins, |
| Date of publication, distribution, etc. | 1995. |
| 300 ## - PHYSICAL DESCRIPTION | |
| Extent | xiii, 298 p. |
| 650 #0 - SUBJECT ADDED ENTRY--TOPICAL TERM | |
| Topical term or geographic name as entry element | Engineering |
| General subdivision | Vocational guidance. |
| -- | 0000156109 |
| 908 ## - PUT COMMAND PARAMETER (RLIN) | |
| Put command parameter | 070605 |
| 950 ## - LOCAL HOLDINGS (RLIN) | |
| -- | 1 |
| Withdrawn status | Lost status | Source of classification or shelving scheme | Not for loan | Home library | Current library | Date acquired | Total Checkouts | Full call number | Barcode | Date last seen | Price effective from | Koha item type |
|---|---|---|---|---|---|---|---|---|---|---|---|---|
| Library of Congress Classification | Kabarak, Main Campus | Kabarak, Main Campus | 17/12/2015 | TA157 .B87 1995 | 009388 | 17/12/2015 | 17/12/2015 | General Collection |